000 00476nam a2200181Ia 4500
005 20250326125527.0
008 250326s9999 xx 000 0 und d
037 _aTextbook
040 _aFMSL
_beng
_cFMSL
041 _aeng
_2eng
084 _aS K3
_qFMSL
100 _aBaker R A
_9739227
245 0 _aPsychology in the wry
_cBaker R A
260 _aNew Jersey
_bNew Jersey, Preceton
_c1963
300 _a170p
942 _cTB
_hS K3
999 _c1278437
_d1278437